000 00767nam a22001937a 4500
999 _c192285
_d192285
005 20220916145552.0
010 _aB-745537
020 _a9789839941784
_c4394.00
035 _aB-745537
037 _bPartisan Publication
100 _aSamad, Paridah Abd
245 _aThe New Age of The Kings:
_b Morden Monarchies In Malaysia And The World /
_cParidah Abd Samad
260 _aKuala Lumpur
_bPartisan Publication
_c2014
270 _aLot 314,Lorong Kedah, Taman Melawati,
_bKuala Lumpur
_e53100
_k603-41077191
_mpartisanpublication@yahoo.com
300 _a379p
_c25cm(hbk)
505 _a
942 _2ddc
_cEN
_mSAM
_h320.54093